| 000 | 00509nam a2200145 a 4500 | ||
|---|---|---|---|
| 008 | 120416s0000 xx |||||||||||||| || u | ||
| 020 | _a0572007809 | ||
| 050 | _aTK 7888.3 Haw | ||
| 100 | _aHawkins, Joseph K | ||
| 245 | 1 | 0 | _aCircuit design of digital computers |
| 260 |
_a _bJohn Wiley and Sons _c1971 |
||
| 300 | _aix, 515p. : ill. | ||
| 350 | _a0.00 | ||
| 995 |
_D0.00 _FCBU-MAIN LIBRARY (Kitwe) _H1 _I9.50 _UAVAILABLE _ZAnnex Low-Usage Collection |
||
| 999 |
_c37426 _d37426 |
||